000 00227nam a2200085Ia 4500
245 0 _aThe house at midnight
100 _a Whitehouse, Lucie, London, 2009
_978704
942 _cBK
008 210817s9999 xx 000 0 und d
999 _c272492
_d272491